|
|
|
|
| LEADER |
00000nab a2200000 a 4500 |
| 001 |
vtls000901679 |
| 003 |
SK-MaSNL |
| 005 |
20260304213906.0 |
| 008 |
040720e19990120xo 0 slo |
| 035 |
|
|
|a KE10660
|
| 040 |
|
|
|a KEVKJB
|b slo
|c KEVKJB
|e AACR2
|
| 041 |
0 |
|
|a slo
|
| 044 |
|
|
|a xo
|c SK
|
| 080 |
|
|
|a 885.4-3
|2 1981
|
| 080 |
|
|
|a 929
|2 1981
|
| 080 |
|
|
|a 655.413
|2 1981
|
| 100 |
1 |
|
|a Szabová, Nora
|4 aut
|9 1280108
|
| 245 |
1 |
0 |
|a Biblioglosár
|
| 590 |
|
|
|a Jankovčinová, Monika
|b spisovateľka
|
| 600 |
1 |
7 |
|a Jankovčinová, Monika
|2 KEVKJB
|9 406157
|
| 610 |
2 |
7 |
|a Agentúra K Kristíny Rybárovej (Košice, Slovensko)
|2 KEVKJB
|9 887676
|
| 650 |
0 |
7 |
|a slovenská literatúra
|2 KEVKJB
|9 1115
|
| 650 |
0 |
7 |
|a nakladateľstvá a vydavateľstvá
|2 KEVKJB
|9 2789
|
| 650 |
0 |
7 |
|a Ľadulienka - snežné dievčatko
|2 KEVKJB
|9 885641
|
| 651 |
|
7 |
|a Košice (Slovensko)
|2 KEVKJB
|9 18694
|
| 651 |
|
7 |
|a KE,
|2 KEVKJB
|9 877256
|
| 655 |
|
7 |
|a periodikum
|2 snkbucl
|9 29553
|
| 655 |
|
7 |
|a glosy
|2 KEVKJB
|9 28645
|
| 710 |
2 |
|
|a Agentúra K - Kristíny Rybárovej (Košice, Slovensko)
|4 aut
|9 98246
|
| 773 |
0 |
8 |
|t Knižná revue
|g Roč. 9, č.5, 20.1.1999, s. 5
|x 1210-1982
|
| 852 |
|
|
|a ZVYKNI
|b KIS3GCP
|
| 999 |
|
|
|c 3138208
|d 3140138
|